000 00605nam a2200205Ia 4500
005 20250508170054.0
008 008 250505s9999 xx 000 0 eng d
020 _a978-1-138-32231-8
037 _aReference
040 _aFEDL
_beng
_cFEDL
041 _aeng
_2eng
084 _a372.954, RAI/RR
_qFEDL
100 _aRaina Jyoti Ed.
_9782908
245 0 _aElementary education in India: Policy shifts, issues and challenges
260 _aLondon, UK
_bRoutledge
_c2020
300 _axix, 288p.
365 _aGBP
_b120
942 _cREF
_h372.954, RAI/RR
999 _c1399067
_d1399067